000 00311nam a22001337a 4500
082 _a894.812.3
_bKUR/P
100 _aKURUMBAKARA,MAJEED
245 _aPINNEYUM MAZHA
250 _aFIRST
260 _aTRIVANDRUM
_bMAJEED KURUMBAKARA
_c1992
300 _a79
650 _aSHORT STORY MALAYALAM
_zKERALA
942 _cBK
999 _c1255
_d1255